| 000 | 01380cam a22003138a 4500 | ||
|---|---|---|---|
| 999 |
_c113751 _d113751 |
||
| 003 | BJBSDDR | ||
| 005 | 20230411090621.0 | ||
| 007 | ta | ||
| 008 | 100217s2011 nyu b 001 0ceng | ||
| 020 | _a9780199747467 (hardback : alk. paper) | ||
| 040 |
_aDLC _cDLC _bspa |
||
| 041 | _aspa | ||
| 050 | 0 | 0 |
_aBT 301.3 _bP481j 2011 |
| 082 | 0 | 0 |
_a200.92 _aB _222 |
| 100 |
_aPeters, Francis Edward _q(Francis E.) _d1945, |
||
| 245 | 1 | 0 |
_aJesus and Muhammad : _bparallel tracks, parallel lives / _cF. E. Peters. |
| 260 |
_aNew York, N.Y. ; _aOxford : _bOxford University Press, _c2011. |
||
| 300 |
_axxiii, 214 p. ; _c25 cm. |
||
| 504 | _aIncludes bibliographical references and index. | ||
| 505 | 0 | _aClearing the ground -- The settings -- Opening the files -- The critic at work: coming of age -- The living voice -- The message: Jesus in Galilee -- The message: Muhammad at Mecca -- Act II: tragedy and triumph -- A new dawn: the aftermath, the legacy -- Epilogue: spreading the word. | |
| 600 | 0 | 0 |
_aJesus Christ _vBiography. |
| 600 | 0 | 0 |
_aMuḼammad, _cProphet, _d-632 _vBiography. |
| 650 | 0 |
_aChristianity and other religions _xIslam. |
|
| 650 | 0 |
_aIslam _xRelations _xChristianity. |
|
| 906 |
_a7 _bcbc _corignew _d1 _eecip _f20 _gy-gencatlg |
||
| 942 |
_2lcc _cBK |
||
| 946 | _ilmm | ||